Top 25 des plus grandes villes du Brésil - Statistiques

Statistiques générales
  • Ce quiz a été pris 285 fois
  • Le résultat moyen est 10 sur 25
Statistiques - réponses
État Habitants Réponse % Correct
Rio de Janeiro 6 498 837 Rio de Janeiro
99%
São Paulo 12 038 175 São Paulo
97%
Distrito Federal 2 977 216 Brasilia
91%
Amazonas 2 094 391 Manaus
71%
Bahia 2 938 092 Salvador
69%
Minas Gerais 2 513 451 Belo Horizonte
67%
Ceará 2 609 716 Fortaleza
62%
Pernambuco 1 625 583 Recife
62%
Pará 1 446 042 Belém
56%
Rio Grande do Sul 1 481 019 Porto Alegre
53%
Paraná 1 893 997 Curitiba
45%
Rio Grande do Norte 877 662 Natal
35%
Maranhão 1 082 935 São Luis
32%
Goias 1 448 639 Goiania
30%
São Paulo 1 173 370 Campinas
29%
Mato Grosso do Sul 863 982 Campo Grande
18%
Alagoas 1 021 709 Maceio
17%
São Paulo 1 337 087 Guarulhos
16%
Piauí 847 430 Teresina
16%
Paraíba 801 718 João Pessoa
14%
Rio de Janeiro 886 917 Duque de Caixas
13%
São Paulo 822 242 São Bernardo do Campo
10%
Rio de Janeiro 797 435 Nova Iguaçu
9%
Rio de Janeiro 1 044 058 São Gonçalo
9%
São Paulo 712 749 Santo André
6%
Aucun quiz correspondant
Distribution des résultats
% des personnes avec chaque résultat
Percentile par nombre de réponses
Votre historique - résultats
Vous n’avez pas pris ce quiz